Econometrics / (Record no. 33684)

MARC details
000 -LEADER
fixed length control field 00914cam a22002774a 4500
001 - CONTROL NUMBER
control field 12762422
003 - CONTROL NUMBER IDENTIFIER
control field OSt
005 - DATE AND TIME OF LATEST TRANSACTION
control field 20220328101754.0
008 - FIXED-LENGTH DATA ELEMENTS--GENERAL INFORMATION
fixed length control field 020502s2002 gw a b 001 0 eng
010 ## - LIBRARY OF CONGRESS CONTROL NUMBER
LC control number 2002070561
020 ## - INTERNATIONAL STANDARD BOOK NUMBER
International Standard Book Number 3540435018 (softcover : alk. paper)
040 ## - CATALOGING SOURCE
Original cataloging agency DLC
Transcribing agency HU
Modifying agency DLC
042 ## - AUTHENTICATION CODE
Authentication code pcc
050 00 - LIBRARY OF CONGRESS CALL NUMBER
Classification number HB139
Item number .B353 2002
082 00 - DEWEY DECIMAL CLASSIFICATION NUMBER
Classification number 330/.01/5195
Edition number 21
100 1# - MAIN ENTRY--PERSONAL NAME
Personal name Baltagi, Badi H.
Fuller form of name (Badi Hani)
9 (RLIN) 34227
245 10 - TITLE STATEMENT
Title Econometrics /
Statement of responsibility, etc. Badi H. Baltagi.
250 ## - EDITION STATEMENT
Edition statement 3rd ed.
260 ## - PUBLICATION, DISTRIBUTION, ETC.
Place of publication, distribution, etc. Berlin ;
-- New York :
Name of publisher, distributor, etc. Springer,
Date of publication, distribution, etc. 2002.
300 ## - PHYSICAL DESCRIPTION
Extent xv, 401 p. :
Other physical details ill. ;
Dimensions 25 cm.
504 ## - BIBLIOGRAPHY, ETC. NOTE
Bibliography, etc. note Includes bibliographical references and index.
650 #0 - SUBJECT ADDED ENTRY--TOPICAL TERM
Topical term or geographic name entry element Econometrics.
9 (RLIN) 11971
906 ## - LOCAL DATA ELEMENT F, LDF (RLIN)
a 7
b cbc
c orignew
d 1
e ocip
f 20
g y-gencatlg
942 ## - ADDED ENTRY ELEMENTS (KOHA)
Source of classification or shelving scheme Dewey Decimal Classification
Koha item type Books like text book referance book
Suppress in OPAC No
Holdings
Withdrawn status Lost status Source of classification or shelving scheme Damaged status Not for loan Collection code Home library Current library Shelving location Date acquired Total Checkouts Full call number Barcode Date last seen Copy number Price effective from Koha item type
    Dewey Decimal Classification     Reference Wondo Genet Library Wondo Genet Library General Stacks 03/28/2022   330.01'5195 WGCFNRL00014937 03/28/2022 1 03/28/2022 Books like text book referance book